Statistics for Women‘s Football World Cup Winners

Click here to take the quiz!

General Stats

  • This quiz has been taken 51 times
  • The average score is 8 of 9

Answer Stats

HintAnswer% Correct
1991United States
98%
1999United States
98%
2015United States
98%
2019United States
98%
2023Spain
96%
2003Germany
93%
2007Germany
93%
2011Japan
87%
1995Norway
72%

Score Distribution

Percentile by Number Answered

Percent of People with Each Score

Your Score History

You have not taken this quiz